El sinuoso camino a la descentralización y el necesario fortalecimiento del gobierno local
En este libro se analiza el sinuoso camino seguido por la sociedad costarricense hacia la descentralización y el fortalecimiento de los gobiernos locales, poniendo el acento en los movimientos ascendentes y descendentes que han contribuido a promover los paulatinos avances alcanzados en el traslado...
Zapisane w:
| 1. autor: | |
|---|---|
| Format: | Texto |
| Język: | Spanish |
| Wydane: |
San José :
FLACSO,
|
| Hasła przedmiotowe: | |
| Etykiety: |
Dodaj etykietę
Nie ma etykietki, Dołącz pierwszą etykiete!
|
MARC
| LEADER | 00000 a a2200000 04500 | ||
|---|---|---|---|
| 001 | 39679 | ||
| 003 | cru CIDCACS/IIS | ||
| 005 | 20231004164023.0 | ||
| 008 | 170314b xxu||||| |||| 00| 0 spa d | ||
| 020 | |a 978-9977-68-168-9 | ||
| 040 | |c cru CIDCACS/IIS |a cru CIDCACS/IIS | ||
| 090 | |a 04.03.03 M827s | ||
| 100 | |a Mora Alfaro, Jorge | ||
| 245 | |a El sinuoso camino a la descentralización y el necesario fortalecimiento del gobierno local | ||
| 260 | |a San José : |b FLACSO, | ||
| 300 | |a 182 p. | ||
| 520 | |a En este libro se analiza el sinuoso camino seguido por la sociedad costarricense hacia la descentralización y el fortalecimiento de los gobiernos locales, poniendo el acento en los movimientos ascendentes y descendentes que han contribuido a promover los paulatinos avances alcanzados en el traslado o la asignación de competencias a las corporaciones municipales | ||
| 650 | |a DESCENTRALIZACION | ||
| 650 | |a GOBIERNO LOCAL | ||
| 650 | |a LEGISLACION | ||
| 650 | |a DESARROLLO SOCIAL | ||
| 650 | |a COSTA RICA | ||
| 650 | |a DESARROLLO ECONOMICO Y SOCIAL | ||
| 650 | |a INDICADORES DE DESARROLLO | ||
| 942 | |2 z |c LI |h 04.03.03 M827s |i 08491 |i 06748 |6 040303_M827S_08491__06748 | ||
| 999 | |c 11920 |d 11920 | ||



